| 000 | 00736nac a22002171u 4500 | ||
|---|---|---|---|
| 010 | _a 93231290 | ||
| 020 | _a0419152903 | ||
| 035 | _a(OCoLC)27299270 | ||
| 082 | 0 | 0 |
_a696 _bLEV |
| 090 |
_c5930 _d5930 |
||
| 100 | _aLevermore, G. J. | ||
| 245 | 1 | 0 |
_aBuilding energy management systems : _ban application to heating and control / _cG.J. Levermore. |
| 250 | _a1st ed. | ||
| 260 |
_aLondon ; _aNew York : _bE & FN Spon,c.1992. _cc.1992. |
||
| 300 |
_axi, 322 p. : _bill. ; _c24 cm. |
||
| 500 | _aDistributer : Al-Ahram. | ||
| 504 | _aIncludes bibliographical references and index. | ||
| 511 | _aCatalogued By : Mahitab. | ||
| 650 | 0 |
_aBuildings _xEnergy conservation. |
|
| 942 |
_cBB _k696LEV |
||
| 999 |
_c5930 _d5930 |
||